Clubes Argentinos: Todas las Ligas - Estadísticas

Estadísticas generales
  • Esta prueba ha sido intentada 7.589 veces
    5.987 desde el último reinicio
  • La puntuación promedio es 72 de 171
Estadísticas de respuestas
Imagen Respuesta % Correcto
Quilmes
97%
Central Córdoba
80%
Boca Juniors
77%
Patronato
75%
Colón
74%
Platense
74%
Lanús
73%
Rosario Central
72%
Atlético Tucumán
71%
Newell's
71%
Arsenal
70%
Chacarita
70%
Estudiantes de La Plata
70%
Ferro Carril Oeste
70%
Gimnasia y Tiro de Salta
70%
Olimpo
70%
San Lorenzo
69%
Aldosivi
68%
Belgrano de Córdoba
68%
River Plate
68%
Agropecuario
67%
Almagro
67%
Huracán
67%
Nueva Chicago
67%
Barracas Central
66%
Defensa y Justicia
66%
Alvarado
65%
Argentinos Juniors
65%
Banfield
65%
Godoy Cruz
65%
Racing de Córdoba
65%
Talleres de Córdoba
65%
Unión de Santa Fe
65%
Atlanta
64%
Boca Unidos
64%
Independiente de Avellaneda
64%
Riestra
64%
San Martín de San Juan
64%
Sarmiento de Junín
64%
Tigre
64%
Vélez Sarsfield
64%
Estudiantes de Río Cuarto
63%
San Martín de Tucumán
63%
Atlético de Rafaela
61%
Defensores de Belgrano
61%
Independiente de Rivadavia
61%
Temperley
61%
Almirante Brown
60%
Racing de Avellaneda
60%
Estudiantes de Caseros
59%
Instituto
59%
Los Andes
58%
Morón
58%
All Boys
57%
Central Norte
57%
Sacachispas
57%
Yupanqui
57%
Colegiales
56%
Deportivo Camioneros
56%
Deportivo Español
56%
Sol de Mayo
56%
Villa Dalminé
55%
Gimnasia de La Plata
54%
Villa Mitre
54%
San Telmo
53%
Villa San Carlos
52%
Flandria
51%
Chaco For Ever
50%
Sportivo Italiano
50%
Excursionistas
49%
Tristán Suárez
48%
Douglas Haig
47%
Ituzaingó
47%
Maipú
47%
Comunicaciones
46%
Estudiantes de San Luís
46%
Huracán Las Heras
46%
Laferrere
46%
Defensores Unidos
45%
Madryn
45%
San Miguel
45%
UAI Urquiza
45%
Argentino de Quilmes
44%
Deportivo Armenio
44%
Desamparados
44%
Gimnasia de Jujuy
44%
Juventud Antoniana
44%
Dock Sud
43%
El Porvenir
43%
San Martín de Formosa
43%
Sportivo Belgrano
43%
Güemes
42%
Berazategui
41%
Cipolletti
41%
Lamadrid
39%
Atlas
38%
Atlético Paraná
38%
Cañuelas
38%
Claypole
38%
Talleres de Remedios de Escalada
38%
Argentino de Merlo
37%
Independiente de Chivilcoy
37%
Midland
36%
Real Pilar
36%
Sarmiento de Resistencia
36%
Fénix
35%
Gimnasia de Mendoza
34%
Acassuso
32%
Deportivo Paraguayo
32%
Central Córdoba de Rosario
31%
Crucero del Norte
31%
Defensores de Pronunciamiento
31%
Mitre
31%
Brown Adrogué
30%
Luján
30%
Sportivo Barracas
30%
Sportivo Atlético Club
28%
Ciudad Bolívar
27%
Unión de Sunchales
27%
Defensores de Belgrano de Villa Ramallo
26%
Guillermo Brown
26%
Independiente de Neuquén
25%
Juventud Unida
25%
Liniers
25%
Puerto Nuevo
25%
Victoriano Arenas
25%
Ferro Carril Oeste de General Pico
23%
Santamarina
23%
9 de Julio
22%
Merlo
22%
Sansinena
21%
Central Ballester
20%
Mercedes
20%
San Martín de Burzaco
20%
Sol de América
20%
Germinal
18%
Jorge Newbery
18%
Leandro N. Alem
18%
Peñarol
18%
Urquiza
18%
Argentino de Rosario
17%
Centro Español
17%
Muñiz
17%
Sporting
17%
Atenas
16%
Lugano
16%
Bella Vista de Bahía Blanca
15%
Gimnasia de Concepción del Uruguay
15%
Juventud Unida Universitario
15%
Defensores de Cambaceres
14%
Liniers de Bahía Blanca
14%
Argentino de Monte Maíz
13%
Círculo Deportivo
13%
El Linqueño
13%
Racing de Olavarría
12%
Boca Río Gallegos
10%
Comisión de Actividades Infantiles
10%
Huracán Comodoro Rivadavia
9%
Juventud Unida de Gualeguay
9%
La Amistad
8%
Puerto Comercial
7%
Cruz del Sur
6%
Rosario de Puerto Belgrano
6%
San Francisco
6%
Tiro Federal de Bahía Blanca
6%
Libertad de Bahía Blanca
5%
Pacífico
5%
Huracán de Ingeniero White
4%
La Armonía
4%
Pacífico de Cabildo
4%
Puerto Moreno
4%
No se encontraron pruebas coincidentes
Distribución de puntuación
Porcentaje de gente con cada puntuación
Porcentaje por número respondido
Historial de tus puntuaciones
No has intentado esta prueba desde el último reinicio